| 000 | 00495nam a2200181Ia 4500 | ||
|---|---|---|---|
| 003 | GCL | ||
| 008 | 140319s9999 xx 000 0 ara d | ||
| 040 |
_aGCL / _cGCL |
||
| 082 | 0 | 4 |
_a418.1 _bا و |
| 100 | 1 | _aاحمد سمير بيبرس | |
| 245 | 1 | 0 |
_aالواقع اللغوى والهوية العربيه / _cاحمد سمير بيبرس |
| 300 | _a120 ص | ||
| 490 | _a | ||
| 650 | 0 | 4 | _aالصحف |
| 650 | 0 | 4 | _aالمؤسسات |
| 650 | 0 | 4 | _aاللغة الفصحى |
| 942 |
_2ddc _cBK |
||
| 999 |
_c38680 _d38680 |
||